Technické pamiatky

Gespeichert in:
Bibliographische Detailangaben
Hauptverfasser: Mlynka, Ladislav (Verfasst von), Haberlandová, K. (Verfasst von)
Format: Buch
Veröffentlicht: Bratislava : Dajama, 2007
Schlagworte:
Tags: Tag hinzufügen
Keine Tags, Fügen Sie das erste Tag hinzu!

MARC

LEADER 00000nam a22000003a 4500
001 stu163278
005 20180222100745.9
008 080512s2007----------------------------d
020 |a 978-80-89226-43-6 
040 |a STU  |b slo 
041 0
100 1 |a Mlynka, Ladislav  |4 aut 
245 1 |a Technické pamiatky 
260 |a Bratislava :  |b Dajama,  |c 2007 
300 |a 108 s 
650 7 |a pamiatky technické  |2 stusub 
650 7 |a Slovensko  |2 stusub 
650 7 |a Slovensko-dejiny  |2 stusub 
700 1 |a Haberlandová, K.  |4 aut  |X 65226  |7 65226 
996 |b 284AU03939  |c A*5857 U  |l AAKNAR  |s A  |a 24  |w stu163278_0001 
996 |b 284AU03940  |c A*5858 U  |l AAKNAR  |s A  |a 24  |w stu163278_0002 
996 |b 284AU03937  |c A*5855 U  |l AAKNAR  |s A  |a 24  |w stu163278_0003 
996 |b 284AU03938  |c A*5856 U  |l AAKNAR  |s A  |a 24  |w stu163278_0004